00650nam a2200169 4500001000700000003000900007005001700016007000300033008004100036100002500077245013300102260005600235300002700291852002200318999001900340952012100359133009ES-MaACL20230906194313.0t|070214s1912 fr r ||||1| fre d1 aRoz, Firmin.910024313aLe roman anglais contemporaine b: George Meredith, Thomas Hardy, Mme. Humpry Ward, Rudyard Kipling, H. G. Wells / cFirmin Roz. aParis : b[s. n.], c1912 (eCorbeil : fCrété) a284 p. ; c18 x 12 cm. aES-MaACLjG-15860 c133009d133009 00104070aATENEOMbATENEOMcSPP3d2008-01-17eSCl0oG-15860p1138473r2023-02-23 00:00:00w2023-02-23yMONOGRAFIA